00593nam a22001692 4500001001100000005001700011008004100028020002200069040001500091110003800106245012200144260005400266300001900320650004100339650004000380852000300420000000721820151021151112.0071201s xx 000 0 eng d a0393326667 :cKES aKABUcKABU2 aWorldwatch Institute.@000007485310aState of the world :ba Worldwatch Institute report on progress toward a sustainable society /cWorldwatch Institute. aWashington, D. C. :bWorldwatch Institute,c2005. axxvii, 237 p. 0aEconomic historyy2005-.@0000158368 0aEconomic policyy2005-.@00001583691